LEADER 00781nam0-22003011i-450- 001 990000025400403321 035 $a000002540 035 $aFED01000002540 035 $a(Aleph)000002540FED01 035 $a000002540 100 $a20011111d--------km-y0itay50------ba 101 0 $aita 105 $ay-------001yy 200 1 $aAminoplastes$fPierre Talet$gpreface de Jacques Duclaux. 210 $aParis$cDunod$d1951 215 $aX, 262 p.$cill.$d22 cm 225 1 $aMateriaux de synthese 610 0 $aMaterie plastiche 610 0 $aAmminoplasti 676 $a678 700 1$aTalet,$bPierre 801 0$aIT$bUNINA$gRICA$2UNIMARC 901 $aBK 912 $a990000025400403321 952 $a13 B 22 10$b19963$fFINBC 959 $aFINBC 997 $aUNINA DB $aING01 LEADER 01728nam 2200385 450 001 996279865103316 005 20231208073807.0 010 $a0-7381-5432-6 024 7 $a10.1109/IEEESTD.2008.4531178 035 $a(CKB)3780000000092086 035 $a(NjHacI)993780000000092086 035 $a(EXLCZ)993780000000092086 100 $a20231208d2008 uy 0 101 0 $aeng 135 $aur||||||||||| 181 $ctxt$2rdacontent 182 $cc$2rdamedia 183 $acr$2rdacarrier 200 10$aANSI N42.48-2008 $eAmerican National Standard Performance Requirements for Spectroscopic Personal Radiation Detectors (SPRDs) for Homeland Security /$fInstitute of Electrical and Electronics Engineers 210 1$aNew York, NY, USA :$cIEEE,$d2008. 215 $a1 online resource (x, 35 pages) 330 $aDesign and performance requirements, along with testing methods, for evaluating radiation detection instruments that are pocket-sized and worn on the body for the purpose of rapid detection and identification of radioactive materials are described in this standard. 517 $aN42.48-2008 - American National Standard Performance Requirements for Spectroscopic Personal Radiation Detectors 517 $aANSI N42.48-2008: American National Standard Performance Requirements for Spectroscopic Personal Radiation Detectors (SPRDs) for Homeland Security 606 $aRadiation$xSafety measures 606 $aRadiation warning systems 615 0$aRadiation$xSafety measures. 615 0$aRadiation warning systems. 676 $a621.4835 801 0$bNjHacI 801 1$bNjHacl 906 $aDOCUMENT 912 $a996279865103316 996 $aANSI N42.48-2008$92576183 997 $aUNISA